Регионална библиотека "Любен Каравелов" - Русе

Русе (Запис номер 92448)

MARC детайли
000 -Лидер
Контролно поле с фиксирана дължина 02408nam a2200481 c 4500
003 - Код на организацията, давaща контролен номер
Контролно поле BLK
005 - Дата и час на последна редакция
Контролно поле 20220214142929.0
008 - Елементи от данни с фиксирана дължина
fixed length control field 180408b bul|||||r ||||||| ||bul||
010 ## - Наследен системен номер
LC control number KNG00097227000
020 ## - Международен стандартен номер на книга ISBN
Международен стандартен номер на книга ISBN 954-91001-7-0
040 ## - Източник на каталожния запис
Идентификатор на билиотеката - собственик на записа BLK
041 ## - Код за език
Код за езика на текст/звукозапис или на отделно заглавие Български
Код за езика КДБФ Български
Други езици Немски
-- Английски
-- Руски
072 #7 - Код за тематичната категория
Код организация bullib
Код за тематична категория Н93
Текст Краезнание - отраслова литература Н
072 #7 - Код за тематичната категория
Код организация bullib
Код за тематична категория К
Текст Краезнание
080 ## - УДК
Текстов определител УДК Краезнание
УДК код - определител по УДК 908
УДК определител (497.215)(084.12)
УДК - код + определител 908(497.215)(084.12)
080 ## - УДК
Текстов определител УДК Други видове приложна графика - Пощенски картички, картинки за деца, запазени фабрични марки и др.
УДК код - определител по УДК 769.9
УДК определител (497.215)
УДК - код + определител 769.9(497.215)
100 1# - Редна дума - Автор
Автор Кузов, Румен Димитров
Авторска отговорност първи автор
R(LIN) 373736
139 ## - Редно поле
Редна дума Кузов, Румен Димитров
Авторски знак Ку - К 93
245 10 - Сведения за заглавието
Заглавие Русе
Подзаглавни данни Ил. ретро гид
Редно поле (дума) Румен Димитров Кузов; прев. на англ. Ирен Лебедева; прев. на нем. Гергана Димитрова Обрешкова; прев. на рус. Йорданка Тодорова.
257 ## - Страна на издаване
Страна на създаване/издаване България
260 ## - Област на издателските данни
Име на издателя, разпространителя и проч. КУЗ
Година на издаване 2010
Печатница Русе : Дунав прес
300 ## - Физическа характеристика
Страници 272 с.
Илюстрации и др. с цв. ил., сн., факс., к.
Размери/Мащаб 22 см
380 ## - Жанр
Жанр Изкуство
500 ## - Общи забележки
Забележка Кор. загл. Русе : Илюстриран гид в пощенски картички и документи. - Текст и на англ., нем., рус. ез. - Библиогр. с. 269-270.
650 #4 - Допълнително описание по предмет – тема
Основно описание – тема или топоним Русе - албуми
9 (RLIN) 280077
650 #4 - Допълнително описание по предмет – тема
Основно описание – тема или топоним Пощенски картички, български - история - Русе
9 (RLIN) 280076
650 #4 - Допълнително описание по предмет – тема
Основно описание – тема или топоним Градове, български
9 (RLIN) 264012
651 #4 - Допълнително описание по предмет - топоним
Географско понятие Русе
9 (RLIN) 179462
651 #4 - Допълнително описание по предмет - топоним
Географско понятие България
9 (RLIN) 241624
653 ## - Ключова дума – ненормативна
Ключова дума Русе
653 ## - Ключова дума – ненормативна
Ключова дума пощенски картички
653 ## - Ключова дума – ненормативна
Ключова дума градове
659 ## - Тематичен бюлетин
Тематичен бюлетин К
659 ## - Тематичен бюлетин
Тематичен бюлетин Н
700 1# - Други автори (авторска отговорност)
Лично име Лебедева, Ирен
Автороска отговорност (Описва отношението между автора и произведението) прев. на англ.
9 (RLIN) 304902
700 1# - Други автори (авторска отговорност)
Лично име Обрешкова, Гергана Димитрова
Автороска отговорност (Описва отношението между автора и произведението) прев. на нем.
9 (RLIN) 304903
700 1# - Други автори (авторска отговорност)
Лично име Тодорова, Йорданка
Автороска отговорност (Описва отношението между автора и произведението) прев. на рус.
9 (RLIN) 373737
852 ## - Местоположение
Форматна сигнатура Цб 302175
852 ## - Местоположение
Форматна сигнатура К 908/К 93 Р
856 4# - Електронен адрес и достъп
Електронен формат pdf - файл
856 4# - Електронен адрес и достъп
Електронен формат pdf - файл
999 ## - СИСТЕМНИ КОНТРОЛНИ НОМЕРА
Koha biblionumber 92448
Koha biblioitemnumber 92448
942 ## - АРТИКУЛИ
Вид на библиотечния материал Книги
Скрит в OPAC Не
Koha issues (borrowed), all copies 3
Периодичен библиозапис Да
944 ## - СЪЗДАВАНЕ И РЕДАКЦИЯ на ЗАПИСА
Създаване/Редакция Създаване
Дата на регистрацията/редакция 07.10.2010
Служител, извършил регистрацията/редакцията Валя_Йорданова
944 ## - СЪЗДАВАНЕ И РЕДАКЦИЯ на ЗАПИСА
Създаване/Редакция Редакция
Дата на регистрацията/редакция 15.01.2016
Служител, извършил регистрацията/редакцията Виолета_Тройчева
999 ## - СИСТЕМНИ КОНТРОЛНИ НОМЕРА
Koha biblioitemnumber 92448
999 ## - СИСТЕМНИ КОНТРОЛНИ НОМЕРА
Koha biblioitemnumber 92448
Наличности
Код за отписване Код за изгубен артикул Източник на класификационната схема Код за повреда Коз за рестрикции Код за отдаване Артикулен № Име на библиотеката - собственик Име на библиотеката, в която се намира в момента Статус (Текущо местоположение) Дата на вписване в системата Местоположение - отдел Цена в лева Номерация (Хронология) Инвентарен номер Систематично азбучна сигнатура Баркод Номер на екземпляра Цена в евро Служебна бележка Служебен тип на артикула
  Не е изгубен Universal Decimal Classification Не е повреден без рестрикции ползва се в читалня 148910 Регионална библиотека "Любен Каравелов" Русе Регионална библиотека "Любен Каравелов" Русе Краезнание 2010-10-06 Краезнание 20.00 Автограф: Румен Кузов 120000746396 К 908/К 93 Р 120000746396 1 10.23 Дост: DA Вид: А N: 21 Дата: 06.10.2010 Дата инв: 06.11.2017 Бележки инв: К2017 Книги
  Не е изгубен Universal Decimal Classification Не е повреден без рестрикции ползва се в читалня 148911 Регионална библиотека "Любен Каравелов" Русе Регионална библиотека "Любен Каравелов" Русе Хранилище 2011-10-05 Хранилище 20.00   120000753388 Цб 302175 120000753388 2 10.23 Дост: Dp Вид: Д N: 10 Дата: 07.03.2011 Книги
Vip Innovations Ltd, Rousse, Bulgaria 2025